|
|
|
|
| LEADER |
00000nab a2200000 a 4500 |
| 001 |
vtls011113411 |
| 003 |
SK-MaSNL |
| 005 |
20260303143606.0 |
| 008 |
230222|1998 xo |||||||||||||||||cze| |
| 015 |
|
|
|a SNBRB
|
| 035 |
|
|
|a (uuid)a3724e52-02d2-4f2f-af08-4100d425d95e
|
| 035 |
|
|
|a (urnnbn)urn:nbn:sk:snk:ar-a08hqv
|
| 035 |
|
|
|a urn:nbn:sk:snk-ab9k3b
|
| 040 |
|
|
|a SNKBUCL
|b slo
|c SNKBUCL
|e AACR2
|
| 041 |
0 |
|
|a cze
|
| 044 |
|
|
|a xo
|c SK
|
| 100 |
1 |
|
|a Vítek, Karel
|4 aut
|9 280193
|
| 245 |
1 |
0 |
|a PODPORA OPTIMALIZACE KONSTRUKCE EXPERIMENTEM
|c Karel Vítek, Stanislav Holý, Vlastimil Chvojka
|
| 700 |
1 |
|
|a Holý, Stanislav
|4 aut
|9 87276
|
| 700 |
1 |
|
|a Chvojka, Vlastimil
|4 aut
|9 534854
|
| 773 |
0 |
|
|t Acta Mechanica Slovaca
|g Roč. 2, č. 2 (1998), s. 247-250
|
| 958 |
|
|
|a OND
|
| 958 |
|
|
|a EUIPO
|
| 958 |
|
|
|a article13
|
| 999 |
|
|
|c 1991166
|d 1993096
|